Charakterizácia LED a fotodiód s fotonickou štruktúrou optickými spektroskopickými metódami

Salvato in:
Dettagli Bibliografici
Autore principale: Sandánus, Michal (Autore)
Altri autori: Kováč, Jaroslav (Relatore della tesi)
Natura: Manoscritto Libro
Lingua:slovacco
Pubblicazione: 2015
Soggetti:
Accesso online:http://is.stuba.sk/zp/portal_zp.pl?podrobnosti=111660
Tags: Aggiungi Tag
Nessun Tag, puoi essere il primo ad aggiungerne!!

MARC

LEADER 00000ntm a22000003a 4500
001 stuzp44703
003 SK-STU
005 20160719153055.0
007 ta
008 150427s2015----xo-----f-mn---000-0-slo-d
040 |a STU  |b slo 
041 0 |a slo 
100 1 |a Sandánus, Michal  |u 033000  |4 aut  |U FEI Fakulta elektrotechniky a informatiky  |T FEI Ústav elektroniky a fotoniky  |X 5548  |U E030  |Y 549  |7 A000005548 
242 0 1 |a Characterization LED and photodiodes with photonic structure optical spectroscopic methods  |y eng 
245 1 0 |a Charakterizácia LED a fotodiód s fotonickou štruktúrou optickými spektroskopickými metódami 
260 |c 2015 
300 |a 41 s.  |b CD-ROM 
650 4 |a LED  |2 slo 
650 4 |a fotodióda  |2 slo 
650 4 |a fotonická štruktúra  |2 slo 
650 4 |a LED  |2 eng 
650 4 |a photodiode  |2 eng 
650 4 |a photonic structure  |2 eng 
700 1 |a Kováč, Jaroslav  |4 ths  |X 42526  |7 A000042526 
856 4 |u http://is.stuba.sk/zp/portal_zp.pl?podrobnosti=111660 
996 |b 284EP11131  |c E*DIPL- 11131  |l EE33  |s P  |a 0  |w stuzp44703_0001 
SQL |a stuzp44703  |b DDP  |c SLO  |d Charakterizácia LED a fotodiód s fotonickou štruktúrou optickými spektroskopickými metódami  |e 5548  |f Sandánus, Michal  |g 033000  |h 42526  |i Kováč, Jaroslav  |j 20150616  |k 83  |l 03  |m http://is.stuba.sk/zp/portal_zp.pl?podrobnosti=111660  |n I-ME  |o 5.2.13. elektronika